| 000 | 00692nam a2200193Ia 4500 | ||
|---|---|---|---|
| 003 | GCL | ||
| 008 | 140319s9999 xx 000 0 ara d | ||
| 040 |
_aGCL / _cGCL |
||
| 082 | 0 | 4 |
_aد _b050 |
| 100 | 1 | _aاحمد عبدالرحيم مصطفى | |
| 245 | 1 | 0 |
_aالولايات المتحدة والمشرق العربى (عالم المعرفة 4) / _cاحمد عبدالرحيم مصطفى |
| 300 | _a278 ص | ||
| 490 |
_aعالم المعرفة _v0 |
||
| 650 | 0 | 4 | _aبريطانيا |
| 650 | 0 | 4 | _aالولايات المتحدة الامريكية |
| 650 | 0 | 4 | _aحرب اكتوبر 1973 |
| 650 | 0 | 4 | _aالعرب فى الولايات المتحدة الامريكية |
| 942 |
_2ddc _cBK |
||
| 999 |
_c50224 _d50224 |
||